Diseño de sistema de mini acueducto por bombeo eléctrico M.A.B.E en la comunidad Wiscanal, municipio La Concordia, departamento de Jinotega

El presente trabajo describe en forma detallada el procedimiento a través del cual se desarrolló el diseño de un Mini Acueducto por Bombeo Eléctrico (MABE) para la comunidad Wiscanal del municipio de La concordia, departamento de Jinotega, para un periodo de 20 años (2020-2040); con el propós...

Full description

Bibliographic Details
Main Authors: Blandón Diaz, Kelvin Alberto, Blandón Urbina, Mario José, Úbeda Torrez, Luis Heriberto
Other Authors: Tutor: Fajardo González, Ricardo Javier
Format: Tesis Section = Libro
Language:Undetermined
Spanish
Published: Managua UNI/RUACS 2020
Subjects:
LEADER 01358nam a2200289Ia 4500
008 240830s9999 xx 000 0 und d
040 |a BIBLIOTECA-RUPAP Mon 628.72 B642 
041 |a spa 
082 |a Mon 628.72 B642 
100 1 |a Blandón Diaz, Kelvin Alberto 
100 1 |b  Blandón Urbina, Mario José 
100 1 |c Úbeda Torrez, Luis Heriberto 
245 1 0 |a Diseño de sistema de mini acueducto por bombeo eléctrico M.A.B.E en la comunidad Wiscanal, municipio La Concordia, departamento de Jinotega 
260 |a Managua  |b UNI/RUACS  |c 2020 
300 |a 110 p. :il. 
500 |a Contiene: anexos y CD. 
502 |a Tesis (Ingeniero Civil)- UNI, 2020. 
520 3 |a El presente trabajo describe en forma detallada el procedimiento a través del cual se desarrolló el diseño de un Mini Acueducto por Bombeo Eléctrico (MABE) para la comunidad Wiscanal del municipio de La concordia, departamento de Jinotega, para un periodo de 20 años (2020-2040); con el propósito de ayudar al mejoramiento de las condiciones higiénico-sanitarias de la comunidad. 
650 7 |a AGUA POTABLE 
650 7 |b AGUA+ABASTECIMIENTO 
650 7 |c  ACUEDUCTOS-DISEÑO Y CONSTRUCCION 
650 7 |d SANEAMIENTO 
650 7 |e CALIDAD DEL AGUA 
700 1 |a Tutor:  |b Fajardo González, Ricardo Javier 
942 |c BK  |2 ddc 
991 |a TESIS 
999 |c 16459